| 000 | 00691nam a22001697a 4500 | ||
|---|---|---|---|
| 005 | 20260218151533.0 | ||
| 008 | 260218b |||||||| |||| 00| 0 eng d | ||
| 020 | _a9789387791640 | ||
| 040 | _cVITAP | ||
| 082 |
_223 _a658.4092 LAS |
||
| 100 |
_aLasrado, Allan Ed. _917110 |
||
| 245 |
_aBusinessLine Change Makers _b: People And Institutions That Have Worked Against The Odds To Bring About Positive Change _c/ Allan Lasrado |
||
| 260 |
_aChennai _bTHG Publishing Pvt Ltd. _c2024 |
||
| 300 | _a128p, ill.: 21cm | ||
| 650 | 0 |
_aBusiness Leadership, Entrepreneurship, Corporate Transformation, Industry Insights, Innovation & Technology, Economic Reforms & Policy etc. _917111 |
|
| 942 |
_2ddc _cBK |
||
| 999 |
_c47288 _d47288 |
||